000 01048nam a2200313 i 4500
001 000011223
003 DO-SdBNP
005 20250717074015.0
007 ta
008 091015s1985 dr a r 000 p spa d
040 _aDO-SdBNP
_bspa
_cBNPHU
_erda
041 _hspa
082 4 _aRD861.44
_bR696L
_222
100 1 _aRodríguez, Sally,
_d1957-
_eautor
_4aut.
_912633
245 1 0 _aLuz de los cuerpos /
_cSally Rodríguez.
264 4 _aSanto Domingo :
_bBiblioteca Nacional Pedro Henríquez Ureña (BNPHU),
_c©1985
300 _a83 páginas :
_bilustraciones ,
_c22 cm.
336 _atexto
_btxt
_2rdacontent
337 _asin mediación
_bn
_2rdamedia
338 _avolumen
_bnc
_2rdacarrier
490 0 _aColección Orfeo
500 _aIncluye datos biográficos de la autora página 84
590 _aInventariado, 2018/BT
650 4 _aPoesía dominicana
_966
650 4 _aLiteratura dominicana.
_967
710 2 _aBiblioteca Nacional Pedro Henríquez Ureña
_981292
910 _aValidado. Control de calidad. MFF
942 _2ddc
_cLBS1
999 _c10942
_d10942